|
|
|
|
| LEADER |
01443nam a22002657a 4500 |
| 001 |
AAL8157 |
| 003 |
BD-DhAAL |
| 005 |
20180219204906.0 |
| 008 |
160220s 2012bg ||||| |||| 00| 0 ben d |
| 999 |
|
|
|c 36903
|d 36903
|
| 020 |
|
|
|a 9789848988220
|
| 040 |
|
|
|a BD-DhAAL
|c BD-DhAAL
|
| 082 |
|
|
|a 954.9/205
|
| 100 |
|
|
|a শিকদার, এ কে মোহাম্মদ আলী
|9 18092
|
| 245 |
|
|
|a বঙ্গবন্ধু ও বাংলাদেশ /
|c এ কে মোহাম্মদ আলী শিকদার
|
| 260 |
|
|
|a ঢাকা :
|b বিজয় প্রকাশ,
|c ২০১২
|
| 300 |
|
|
|a ১১৯ পৃষ্ঠা ;
|c ২২ সে.মি.
|
| 541 |
|
|
|e 8157, 32196 & 32197
|
| 600 |
|
|
|a Mujibur Rahman, Sheikh,
|y 1920-1975.
|9 18093
|
| 650 |
|
|
|a Ex-presidents
|x Biography.
|z Bangladesh
|9 18094
|
| 852 |
|
|
|a Savar Campus Library
|c General Shelf
|
| 942 |
|
|
|2 ddc
|c BK
|
| 952 |
|
|
|0 0
|1 0
|2 ddc
|4 0
|6 954_920500000000000_SHI
|7 0
|9 58091
|a SCL
|b SCL
|c GEN
|d 2016-02-20
|g 180.00
|l 2
|m 3
|o 954.9205 SHI
|p 3020008157
|r 2018-10-29
|s 2018-10-14
|t 1
|w 2016-02-20
|y BK
|
| 952 |
|
|
|0 0
|1 0
|2 ddc
|4 0
|6 954_920500000000000_SHI
|7 0
|9 61573
|a BRACUL
|b BRACUL
|c BNC
|d 2017-10-15
|e বিভাস
|g 153.00
|l 0
|o 954.9205 SHI
|p 3010032196
|r 2017-10-15
|t 2
|v 180.00
|w 2017-10-15
|y BK
|
| 952 |
|
|
|0 0
|1 0
|2 ddc
|4 0
|6 954_920500000000000_SHI
|7 0
|9 61574
|a BRACUL
|b BRACUL
|c BNC
|d 2017-10-15
|e বিভাস
|g 153.00
|l 0
|o 954.9205 SHI
|p 3010032197
|r 2017-10-15
|t 3
|v 180.00
|w 2017-10-15
|y BK
|